| 000 | 03683cam a2200529 i 4500 | ||
|---|---|---|---|
| 001 | 21853452 | ||
| 003 | NUST | ||
| 005 | 20220825125847.0 | ||
| 008 | 201228t20192019caua 001 0 eng d | ||
| 010 | _a 2020304720 | ||
| 020 |
_a9781984856579 _q(hardcover) |
||
| 020 |
_a198485657X _q(hardcover) |
||
| 020 |
_a9781984856562 _q(paperback) |
||
| 020 |
_a1984856561 _q(paperback) |
||
| 035 | _a(OCoLC)on1111578805 | ||
| 038 | _aAzhar | ||
| 040 |
_aGCmBT _beng _cPNX _erda _dOCLCO _dJTH _dIK2 _dTCH _dOCLCF _dTCJ _dLE# _dDLC |
||
| 042 | _alccopycat | ||
| 050 | 0 | 0 |
_aHF5382.7 _b.B642 2019 |
| 082 | 0 | 4 |
_a331.128 _223 _bBOL |
| 100 | 1 |
_aBolles, Richard Nelson, _eauthor. _995309 |
|
| 245 | 1 | 0 |
_aWhat color is your parachute? 2020 : _ba practical manual for job-hunters and career-changers _cRichard N. Bolles. |
| 250 | _aRevised edition. | ||
| 260 |
_aCalifornia ;New York : _bTen Speed Press, _c2019 |
||
| 264 | 4 | _c©2019 | |
| 300 |
_a311 pages : _billustrations ; _c24 cm |
||
| 336 |
_atext _2rdacontent |
||
| 337 |
_aunmediated _2rdamedia |
||
| 338 |
_avolume _2rdacarrier |
||
| 500 | _aIncludes index. | ||
| 505 | 0 | _aIt's a whole new world for job-hunters -- There are more than ten million vacancies available each month -- The best and worst ways to look for jobs -- Self-inventory, part 1 -- Self-inventory, part 2 -- You get to choose where you work -- Google is your new (but not only) resume -- Sixteen tips about interviewing for a job -- The six secrets of salary negotiation -- How to deal with any challenges you have -- The five ways to choose/change careers -- How to start your own business. | |
| 520 | _aWith more than 10 million copies sold in 28 countries, the world's most popular job-search book is updated for 2020, tailoring Richard Bolles's long-trusted guidance with up-to-the-minute information and advice for today's job-hunters and career-changers. What Color Is Your Parachute? is the world's most popular job-hunting guide, revised and updated annually with more than ten million copies sold. This newly streamlined edition features the latest resources, case studies, and perspectives on today's job market, revealing surprising advice on what works--and what doesn't--so you can focus your efforts on tactics that yield results. At its core is Richard N. Bolles's famed Flower Exercise, a unique self-inventory that helps you design your career--and your life--around your key passions, transferable skills, traits, and more. This practical manual also provides essential tips for writing impressive resumes and cover letters, networking effectively, interviewing with confidence, and negotiating the best salary possible. Whether you're searching for your first job, were recently laid off, or are dreaming of a career change, What Color Is Your Parachute? will guide you toward a fulfilling and prosperous life's work. | ||
| 650 | 0 |
_aApplications for positions. _996563 |
|
| 650 | 0 |
_aVocational guidance. _94031 |
|
| 650 | 0 |
_aCareer changes. _996564 |
|
| 650 | 0 |
_aJob hunting. _97917 |
|
| 650 | 7 |
_aBUSINESS & ECONOMICS / Careers / Job Hunting. _2bisacsh _996565 |
|
| 650 | 7 |
_aBUSINESS & ECONOMICS / Careers / Resumes. _2bisacsh _996566 |
|
| 650 | 7 |
_aSELF-HELP / Personal Growth / Success. _2bisacsh _988937 |
|
| 650 | 7 |
_aApplications for positions. _2fast _0(OCoLC)fst00811729 _996563 |
|
| 650 | 7 |
_aCareer changes. _2fast _0(OCoLC)fst00847273 _996564 |
|
| 650 | 7 |
_aJob hunting. _2fast _0(OCoLC)fst00983693 _97917 |
|
| 650 | 7 |
_aVocational guidance. _2fast _0(OCoLC)fst01168579 _94031 |
|
| 906 |
_a7 _bcbc _ccopycat _d2 _encip _f20 _gy-gencatlg |
||
| 942 |
_2ddc _cLC |
||
| 999 |
_c590788 _d590788 |
||